| 000 | 00971nam a2200241Ia 4500 | ||
|---|---|---|---|
| 005 | 20260120090556.0 | ||
| 008 | 130821s2012 ck a gr spa | ||
| 020 | _a9789586487795 | ||
| 040 |
_aCO-BoUCM _bspa _cSandra Palacio (modificó) _dSandra Palacio (modificó) |
||
| 041 | 0 | 0 | _aspa |
| 100 | 1 |
_aCisneros Enriquez, Andrés _939725 |
|
| 245 | 1 | 0 |
_aNeuromarketing y neuroeconomía código emocional del consumidor _cAndrés Cisneros Enriquez |
| 260 |
_aBogotá (Colombia) _bEcoe Ediciones _c2012 |
||
| 300 |
_a114 páginas _bilustraciones, gráficas |
||
| 490 | 0 |
_aColección Ciencias Administrativas _aMercadeo y Ventas |
|
| 504 | _aIncluye referencias bibliográficas | ||
| 650 | 7 |
_aAdministración de empresas _9435 |
|
| 650 | 7 |
_aConsumidores _xAspectos psicológicos _911728 |
|
| 650 | 7 |
_aMercadeo _919305 |
|
| 650 | 7 |
_aMercadeo _xAspectos psicológicos _919305 |
|
| 942 |
_cLIBRO _a16 _e1 _mC579m _2DEWEY _h658.834019 |
||
| 999 |
_c39029 _d39029 |
||